Los 100 lugares más bellos del mundo

Na minha lista:
Detalhes bibliográficos
Autor principal: Fernández, Carmen (Author)
Formato: Livro
Idioma:espanhol
Publicado em: Madrid Libsa 2008
Edição:1a. ed
Assuntos:
Tags: Adicionar Tag
Sem tags, seja o primeiro a adicionar uma tag!

MARC

LEADER 00000nam a2200000 a 4500
001 UCH8677
003 CL-VaPUC
008 091203e20080000SP |||||||||||||||||spa|d
020 |a 9788466212625 
082 0 4 |a 910  |b FER  |2 21 
100 0 |a Fernández, Carmen  |e author  |9 545385 
245 1 4 |a Los 100 lugares más bellos del mundo 
250 |a 1a. ed 
300 |a 222 p 
942 |c BK 
945 |d 20091203 00:00:00  |a cmena 
260 |a Madrid  |b Libsa  |c 2008 
500 |a Este volumen contiene los 100 sitios más bellos y con más encanto del planeta Tierra. En la selección han tenido cabida playas, ciudades, montañas, fenómenos naturales, barrios e incluso puentes 
500 |a Los 100 lugares más bellos del mundo contiene: 
500 |a Fotografías a todo color de cada sitio 
500 |a Mapas que facilitan su ubicación 
500 |a Fichas esquemáticas con información adicional 
500 |a Explicaciones detalladas de lo más destacado para visitar en todos los lugares 
650 7 |a GEOGRAFIA MUNDIAL  |2 CL-VaPUC  |9 367009 
650 0 |a Paisajes  |9 344660 
650 0 |a Turismo  |9 308920 
650 7 |a LUGARES GEOGRAFICOS  |2 CL-VaPUC  |9 545386 
650 0 |a Atractivos turísticos   |9 464852 
583 |a last modification  |c 20091203 00:00:00  |k Rodrigo Vera 
999 |c 338869  |d 338867 
952 |0 0  |1 0  |4 0  |6 910_000000000000000_FER_2008  |7 0  |8 C  |9 432080  |a BIBCUR  |b BIBCUR  |d 2019-11-22  |i 4581598  |o 910 FER 2008  |p 4581598  |r 2025-04-22  |w 2019-11-22  |y BK  |k EXP